Essentials of genetics (Registro nro. 68400)

Detalles MARC
000 -ENCABEZADO
Número de control [NR] 00840nam a22002417a 4500
005 - FECHA Y HORA DE LA ÚLTIMA TRANSACCIÓN
control field 20180601081955.0
008 - DE LONGITUD FIJA DE DATOS DE ELEMENTOS - INFORMACIÓN GENERAL
Elementos de longitud fija [NR] 130821s2010 xxua gr eng
020 ## - NUMERO INTERNACIONAL NORMALIZADO PARA LIBROS [R]
Número Internacional Normalizado del libro [NR] 321618696
020 ## - NUMERO INTERNACIONAL NORMALIZADO PARA LIBROS [R]
Número Internacional Normalizado del libro [NR] 9780321618696
040 ## - FUENTE DE CATALOGACION [NR]
Agencia de catalogación original [NR] Co-BoUCM
Idioma de catalogación [NR] spa
Quien Cataloga [Nuevo]
Quien Clasifica [Nuevo]
041 00 - CODIGO DE IDIOMA [R]
Código de idioma para texto/pista de sonido o título separado [R] Inglés
060 00 - SIGNATURA TOPOGRAFICA DE LA BIBLIOTECA NACIONAL DE MEDICINA (NLM) [R]
Número clasificador [R] QH 430
100 1# - ASIENTO PRINCIPAL--NOMBRE PERSONAL [NR]
Nombre personal [NR] Klug, William S.
ID Autoridad 92738
245 10 - MENCION DE TITULO [NR]
Título [NR] Essentials of genetics
Mención de responsabilidad, etc. [NR] William S. Klug, Michael R. Cummings, Charlotte A. Spencer, Michael A. Palladino
250 ## - MENCION DE EDICION [NR]
Mención de edición [NR] 6th ed.
260 ## - PUBLICACION, DISTRIBUCION, ETC. (PIE DE IMPRENTA) [R]
Lugar de publicación, distribución, etc. [R] Upper Saddle River (Nueva Jersey, Estados Unidos)
Nombre del editor, distribuidor, etc. [R] Prentice Hall
Fecha de publicación, distribución, etc. [R] 2010
300 ## - DESCRIPCION FISICA [R]
Extensión [R] xv, 557 páginas
Otros detalles físicos [NR] ilustraciones, color
650 04 - ASIENTO SECUNDARIO DE MATERIA - TERMINO TEMATICO [R]
Término temático o nombre geográfico como elemento de entrada [NR] Genética
9 (RLIN) 207
700 1# - ASIENTO SECUNDARIO - NOMBRE PERSONAL [R]
Nombre personal [NR] Cummings, Michael R.
9 (RLIN) 92740
700 1# - ASIENTO SECUNDARIO - NOMBRE PERSONAL [R]
Nombre personal [NR] Palladino. Michael A.
9 (RLIN) 92745
700 1# - ASIENTO SECUNDARIO - NOMBRE PERSONAL [R]
Nombre personal [NR] Spencer, Charlotte A.
9 (RLIN) 92746
942 ## - ELEMENTOS DE ENTRADA AGREGADOS (KOHA)
Tipo de ítem principal el descrito en 300a Libro de reserva
Tema principal Medicina
Edición 6
Parte restante de la signatura top. K576
Sistema de clasificación NLM
Clasificación QH 430
Título oculto en OPAC No
Existencias
Fecha de último préstamo Signatura topográfica Código de barras Última vez visto Volúmen / Fascículo Ejemplar Price effective from Tipo de ítem Perdido Sistema de clasificación Dañado No prestable Tipo de ítem específico Suprimido Ubicación habitual Ubicación actual Localización Fecha de creación Forma de adquisición Costo Total préstamos Total Renewals
17/09/2010 QH 430 K576 200020187 10/12/2025 7a. Ed. Ej.1 03/02/2013 Libro   NLM     Libro   Quinta de Mutis Quinta de Mutis 1er piso 28/02/2010 Compra 285000.00    
21/03/2018 QH 430 K576 200020188 10/12/2025 7a. Ed. Ej.2 03/02/2013 Libro   NLM     Libro   Quinta de Mutis Quinta de Mutis 1er piso 28/02/2010 Compra 285000.00 22 6